[Event "Flint (Class A/3)"]
[Site "?"]
[Date "1992.??.??"]
[Round "?"]
[White "Drkulec, Vladimir"]
[Black "Smith, Michael R"]
[Result "0-1"]
[WhiteElo "1875"]
[BlackElo "1950"]
[PlyCount "80"]
[EventDate "1992.??.??"]

1. d4 e6 2. c4 Nf6 3. Nc3 Bb4 4. Qc2 c5 5. dxc5 Na6 6. a3 Bxc3+ 7. Qxc3 Nxc5 8.
b4 Nce4 9. Qd4 d5 10. c5 b6 11. cxb6 axb6 12. Bb2 Ba6 13. a4 Bc4 14. f3 Nd6 15.
Ra3 Nf5 16. Qd2 d4 17. Nh3 Ne3 18. Kf2 e5 19. g3 O-O 20. Bg2 Qd5 21. Rha1 h6
22. Kg1 Nfg4 23. Bh1 Nf6 24. Rc1 Qe6 25. Nf2 Bd5 26. Raa1 Rfc8 27. Rxc8+ Rxc8
28. Rc1 Bb7 29. Rxc8+ Qxc8 30. Nd1 Nc4 31. Qc1 Nd5 32. Bg2 Nxb4 33. Bh3 Qc6 34.
Bf5 Qxa4 35. Qxc4 Qxd1+ 36. Kg2 Ba6 37. Qxb4 Qxe2+ 38. Kh3 Qxf3 39. Bg4 Bf1+
40. Kh4 Qf6+ 0-1

[Event "Flint (Class A/1)"]
[Site "?"]
[Date "1992.??.??"]
[Round "?"]
[White "Drkulec, Vladimir"]
[Black "Skidmore, Jennifer"]
[Result "1-0"]
[WhiteElo "1875"]
[BlackElo "1980"]
[PlyCount "117"]
[EventDate "1992.??.??"]

1. d4 d5 2. c4 e6 3. Nc3 c6 4. Nf3 dxc4 5. a4 Bb4 6. e3 Bxc3+ 7. bxc3 b5 8.
axb5 cxb5 9. Ne5 Bb7 10. Qg4 Qf6 11. Rb1 Nh6 12. Qd1 a6 13. Nxc4 O-O 14. Ne5
Rd8 15. c4 Be4 16. Rb2 bxc4 17. Nxc4 Nc6 18. f3 Bg6 19. Be2 Nf5 20. O-O Qg5 21.
e4 Qf6 22. exf5 Nxd4 23. fxg6 Nxf3+ 24. Bxf3 Rxd1 25. gxf7+ Qxf7 26. Rxd1 Rc8
27. Be3 Qc7 28. Nd6 Rd8 29. Bb6 Qc3 30. Bxd8 Qxb2 31. Ba5 Qe5 32. Nb7 Qe3+ 33.
Kh1 h6 34. Re1 Qd3 35. h3 Qb5 36. Rxe6 Kf7 37. Nd6+ Kxe6 38. Nxb5 axb5 39. Be2
g5 40. Bxb5 h5 41. Be2 h4 42. Bd8 Kf5 43. Kg1 Kf4 44. Kf2 Kf5 45. Bd3+ Ke5 46.
Ke3 Ke6 47. Bxg5 Ke5 48. Be4 Ke6 49. Kd4 Kd6 50. Bd5 Kc7 51. Kc5 Kd7 52. Bxh4
Kc7 53. Bc6 Kb8 54. Kb6 Kc8 55. g4 Kb8 56. Bd7 Ka8 57. g5 Kb8 58. Bg3+ Ka8 59.
Bc6# 1-0

[Event "Detroit (Pan Am/6)"]
[Site "?"]
[Date "1992.??.??"]
[Round "?"]
[White "Drkulec, Vladimir"]
[Black "Seawald, Dennis"]
[Result "1-0"]
[WhiteElo "2120"]
[BlackElo "2225"]
[PlyCount "63"]
[EventDate "1992.??.??"]

1. d4 Nf6 2. c4 g6 3. Nc3 Bg7 4. e4 d6 5. f3 O-O 6. Be3 Nc6 7. Qd2 a6 8. Nge2
Rb8 9. Ng3 e5 10. d5 Nd4 11. Nge2 c5 12. dxc6 bxc6 13. Nxd4 exd4 14. Bxd4 Qa5
15. Ne2 Qd8 16. Rd1 Qe7 17. b3 Rd8 18. Nc3 Bb7 19. Be2 d5 20. cxd5 cxd5 21.
Bxf6 Bxf6 22. Nxd5 Bxd5 23. exd5 Qc5 24. Bc4 Re8+ 25. Kf1 Re3 26. d6 Bh4 27. g3
Bd8 28. Kg2 Qe5 29. Rhe1 Bb6 30. d7 Rd8 31. Rxe3 Bxe3 32. Qe2 1-0

[Event "Detroit (Pan Am/5)"]
[Site "?"]
[Date "1992.??.??"]
[Round "?"]
[White "Drkulec, Vladimir"]
[Black "Roberts, Kenneth"]
[Result "1-0"]
[WhiteElo "2120"]
[BlackElo "1770"]
[PlyCount "101"]
[EventDate "1992.??.??"]

1. d4 Nf6 2. c4 g6 3. Nc3 d5 4. cxd5 Nxd5 5. e4 Nxc3 6. bxc3 Bg7 7. Bc4 O-O 8.
Ne2 c5 9. Be3 Nc6 10. Rc1 Qc7 11. h4 h5 12. O-O Rd8 13. Qd2 Na5 14. Bd3 c4 15.
Bb1 e6 16. Bg5 f6 17. Be3 f5 18. Bg5 Re8 19. Nf4 Kh7 20. e5 b6 21. f3 Qf7 22.
Nh3 Nc6 23. Qe2 b5 24. g4 Ne7 25. Bxe7 Qxe7 26. Ng5+ Kg8 27. gxh5 Bh6 28. f4
Qg7 29. hxg6 Bxg5 30. hxg5 Qxg6 31. Rf2 Re7 32. Rh2 Rg7 33. Kf2 Bb7 34. Rg1 Rh7
35. Ke3 Rxh2 36. Qxh2 Kg7 37. Rg3 Rh8 38. Rh3 Rxh3+ 39. Qxh3 Bc6 40. Bc2 Be8
41. Bd1 a5 42. a3 Qh7 43. Qxh7+ Kxh7 44. Bf3 Kg7 45. d5 exd5 46. Bxd5 Kg6 47.
Be6 b4 48. cxb4 axb4 49. axb4 Bb5 50. Kd4 Kh5 51. Bxf5 1-0

[Event "Detroit (Pan Am/3)"]
[Site "?"]
[Date "1992.??.??"]
[Round "?"]
[White "Drkulec, Vladimir"]
[Black "Golonka, Stan"]
[Result "0-1"]
[WhiteElo "2120"]
[BlackElo "1980"]
[PlyCount "60"]
[EventDate "1992.??.??"]

1. d4 Nf6 2. c4 c5 3. d5 e5 4. Nc3 d6 5. e4 Be7 6. Bd3 Na6 7. Nge2 Rb8 8. O-O
O-O 9. h3 Ne8 10. g4 g6 11. Ng3 Ng7 12. f4 exf4 13. Bxf4 Nc7 14. e5 Nce8 15.
Nge4 b6 16. exd6 Nxd6 17. Nb5 Nxb5 18. Bxb8 Nd4 19. Be5 f5 20. Bxd4 cxd4 21.
Ng3 Bd6 22. Rf3 Qh4 23. Nf1 fxg4 24. Rxf8+ Kxf8 25. hxg4 Bxg4 26. Be2 Bh3 27.
Bf3 Nf5 28. Qd2 d3 29. b4 Qd4+ 30. Qf2 Qxa1 0-1

[Event "Detroit (MI Op/6/8)"]
[Site "?"]
[Date "1992.??.??"]
[Round "?"]
[White "Drkulec, Vladimir"]
[Black "Ciaffone, Bob"]
[Result "0-1"]
[WhiteElo "2045"]
[BlackElo "2220"]
[PlyCount "94"]
[EventDate "1992.??.??"]

{6/(8)} 1. d4 d5 2. c4 e6 3. Nc3 c6 4. Nf3 Nf6 5. Bg5 dxc4 6. a4 Bb4 7. e3 b5
8. Be2 Bb7 9. O-O a6 10. Ne5 Nbd7 11. Ne4 Be7 12. Nxd7 Nxe4 13. Bxe7 Qxe7 14.
Ne5 Nf6 15. f4 O-O 16. Bf3 Nd5 17. Qe1 f6 18. Ng4 Nb4 19. Qc3 Nd5 20. Qe1 Nb6
21. Bd1 c5 22. axb5 axb5 23. Rxa8 Rxa8 24. Bc2 cxd4 25. exd4 Nd5 26. Bb1 f5 27.
Ne5 Nf6 28. Qe3 Bd5 29. Nf3 Bxf3 30. Qxf3 Rd8 31. Re1 Qa7 32. Rxe6 Qxd4+ 33.
Kf1 Qd1+ 34. Qxd1 Rxd1+ 35. Re1 Rxe1+ 36. Kxe1 g6 37. Kd2 Nd5 38. g3 Kf7 39.
Bc2 Ke6 40. Bd1 Kd6 41. Bf3 Kc5 42. Bh1 Kd4 43. Bf3 b4 44. Be2 Ne3 45. Kc1 Ng4
46. h4 Nf6 47. Kc2 h5 0-1

[Event "Detroit (MI Op/3/31)"]
[Site "?"]
[Date "1992.??.??"]
[Round "?"]
[White "Dmuchowski, Frank"]
[Black "Skidmore, Mike"]
[Result "0-1"]
[WhiteElo "1780"]
[BlackElo "1990"]
[PlyCount "128"]
[EventDate "1992.??.??"]

{3/(31)} 1. d4 d5 2. c4 c6 3. cxd5 cxd5 4. Nc3 Nf6 5. Nf3 Bg4 6. Bf4 Bxf3 7.
gxf3 Nc6 8. e3 e6 9. Qb3 Qd7 10. Rc1 Nh5 11. Bg5 Bd6 12. a3 O-O 13. Nb5 Rab8
14. Nxd6 Qxd6 15. Bd3 e5 16. Rc5 Nf6 17. dxe5 Qxc5 18. exf6 Qc1+ 19. Qd1 Qxd1+
20. Kxd1 g6 21. Bf4 Rbc8 22. Rg1 Na5 23. Rg5 Nc4 24. Be5 Nxe5 25. Rxe5 Rc6 26.
Rxd5 Rxf6 27. Ke2 Rc8 28. Be4 Rb6 29. Rd2 Rc7 30. f4 Rb5 31. Kf3 b6 32. Bd3 Rd7
33. Bxb5 Rxd2 34. b3 Rb2 35. Bc4 Kg7 36. a4 f5 37. Kg3 Kf6 38. h4 h5 39. Kf3
Rd2 40. Kg2 a5 41. Kf3 Ke7 42. Kg3 Rc2 43. Bd5 Rc5 44. Bg2 Rc8 45. Bd5 Kd6 46.
Bf7 Rf8 47. Bc4 Kc5 48. Kf3 Kb4 49. Ke2 Rd8 50. Bf7 Rd6 51. e4 Rf6 52. Bd5 fxe4
53. Ke3 Kc3 54. f3 exf3 55. Kxf3 Kd4 56. Bc4 Rc6 57. Bf7 Kd3 58. Bc4+ Rxc4 59.
bxc4 Kxc4 60. Ke4 b5 61. axb5 Kxb5 62. f5 gxf5+ 63. Kxf5 a4 64. Ke4 a3 0-1

[Event "Detroit (MI Op/2/45)"]
[Site "?"]
[Date "1992.??.??"]
[Round "?"]
[White "Dmuchowski, Frank"]
[Black "Garrison, Ray"]
[Result "1-0"]
[WhiteElo "1780"]
[BlackElo "1895"]
[PlyCount "92"]
[EventDate "1992.??.??"]

{2/(45)} 1. d4 f5 2. Nf3 Nf6 3. g3 g6 4. Bg2 Bg7 5. O-O O-O 6. Ng5 h6 7. Nh3 d6
8. c3 Nc6 9. Nd2 e5 10. dxe5 Nxe5 11. Nf4 Qe8 12. Bxb7 Bxb7 13. Qb3+ Qf7 14.
Qxb7 g5 15. Nd3 Nd5 16. Nxe5 Bxe5 17. Qb3 Rab8 18. Qc4 Kh8 19. e4 Nxc3 20. Qxf7
Ne2+ 21. Kg2 Rxf7 22. exf5 Nxc1 23. Raxc1 Rxb2 24. Nc4 Rxa2 25. Nxe5 dxe5 26.
g4 Kg7 27. Rc6 Rd2 28. Re1 Rd6 29. Rc5 Re7 30. Rexe5 Rxe5 31. Rxe5 Kf6 32. Rc5
Rd8 33. Rxc7 Ra8 34. Rc6+ Kg7 35. Ra6 h5 36. h3 Kf7 37. Kg3 h4+ 38. Kf3 Ke7 39.
Ke4 Kf7 40. f4 Re8+ 41. Kf3 gxf4 42. Rxa7+ Kf6 43. Kxf4 Rg8 44. g5+ Rxg5 45.
Ra6+ Kg7 46. Kxg5 Kh8 1-0

[Event "Flint (Class A/1)"]
[Site "?"]
[Date "1992.??.??"]
[Round "?"]
[White "Decker, Dale"]
[Black "Skidmore, Mike"]
[Result "0-1"]
[WhiteElo "1825"]
[BlackElo "1900"]
[PlyCount "74"]
[EventDate "1992.??.??"]

1. e4 c6 2. c4 e5 3. Nf3 d6 4. Be2 f5 5. d3 fxe4 6. dxe4 Nf6 7. Nc3 Be7 8. O-O
Bg4 9. Qb3 Bxf3 10. Bxf3 Qc7 11. Be3 Nbd7 12. Rfd1 Nc5 13. Qc2 O-O 14. Rd2 Ne6
15. Rad1 a6 16. Na4 c5 17. Nc3 Nd4 18. Bxd4 cxd4 19. Nd5 Nxd5 20. cxd5 Qd7 21.
Rd3 Rac8 22. Qe2 Qa4 23. Bg4 Rc2 24. Be6+ Kh8 25. R3d2 Rxd2 26. Rxd2 Qxa2 27.
g3 Qb3 28. Rd3 Qc4 29. Qd1 b5 30. Bf5 Bg5 31. h4 Bh6 32. g4 Bf4 33. Kg2 Qc1 34.
Qb3 Qc4 35. Qd1 g6 36. Be6 Qc1 37. Qb3 Qe1 0-1

[Event "Flint (Class A/3)"]
[Site "?"]
[Date "1992.??.??"]
[Round "?"]
[White "Decker, Dale"]
[Black "Mekus, R."]
[Result "1-0"]
[WhiteElo "1825"]
[BlackElo "1830"]
[PlyCount "67"]
[EventDate "1992.??.??"]

1. e4 e6 2. d3 d5 3. Nd2 Nd7 4. Ngf3 Ne7 5. g3 b6 6. Bg2 Bb7 7. O-O c5 8. exd5
Nxd5 9. a4 Be7 10. Nc4 O-O 11. Re1 Rc8 12. Bd2 Qc7 13. a5 Bf6 14. a6 Bc6 15. c3
e5 16. Bg5 Rce8 17. Bxf6 N5xf6 18. Bh3 Re7 19. Ne3 g6 20. Bg2 Rfe8 21. h4 e4
22. dxe4 Bxe4 23. Qb3 c4 24. Qxc4 Nc5 25. Red1 Qc8 26. b4 Ne6 27. Qxc8 Rxc8 28.
c4 Rec7 29. Nd4 Bxg2 30. Kxg2 Nxd4 31. Rxd4 Nd7 32. Nd5 Rxc4 33. Ne7+ Kg7 34.
Rxd7 1-0

[Event "East Lansing (MI Am/4)"]
[Site "?"]
[Date "1992.??.??"]
[Round "?"]
[White "DeVries, D."]
[Black "Winkelspecht, A."]
[Result "1-0"]
[WhiteElo "1605"]
[BlackElo "1605"]
[PlyCount "49"]
[EventDate "1992.??.??"]

1. e4 c6 2. d4 d5 3. Nc3 dxe4 4. Nxe4 Bf5 5. Nc3 e6 6. Bd3 Qxd4 7. Bxf5 Qxd1+
8. Nxd1 exf5 9. Nf3 Nf6 10. O-O Be7 11. Re1 Nd5 12. c4 Nb4 13. Nd4 g6 14. Bg5
Nd3 15. Rxe7+ Kf8 16. Bf6 Rg8 17. Rc7 Na6 18. Rxb7 Ke8 19. Nxc6 Ndc5 20. Re7+
Kf8 21. Nc3 Ne6 22. Rd1 Nac5 23. b4 Ne4 24. Nxe4 fxe4 25. Rdd7 1-0

[Event "East Lansing (MI Am/2)"]
[Site "?"]
[Date "1992.??.??"]
[Round "?"]
[White "DeVries, D."]
[Black "Clough, E."]
[Result "1-0"]
[WhiteElo "1605"]
[BlackElo "1605"]
[PlyCount "25"]
[EventDate "1992.??.??"]

1. e4 e5 2. f4 exf4 3. Nf3 g5 4. Bc4 Nc6 5. O-O d6 6. d4 f6 7. Nxg5 fxg5 8.
Qh5+ Kd7 9. Rxf4 Nce7 10. Be6+ Kxe6 11. Qg4+ Nf5 12. Qxf5+ Ke7 13. Qf7# 1-0

[Event "Detroit (MI Action/6)"]
[Site "?"]
[Date "1992.??.??"]
[Round "?"]
[White "DeVoll, J."]
[Black "Vaughn, Gerald"]
[Result "0-1"]
[WhiteElo "1605"]
[BlackElo "1605"]
[PlyCount "73"]
[EventDate "1992.??.??"]

1. d4 Nf6 2. e3 d5 3. Nd2 c5 4. c3 Bf5 5. Ngf3 Nbd7 6. Nh4 Bg4 7. Be2 Bxe2 8.
Qxe2 c4 9. b3 b5 10. e4 e6 11. e5 Ne4 12. Nxe4 Qxh4 13. Nd2 Rc8 14. Rb1 cxb3
15. Rxb3 a6 16. Nf3 Qd8 17. O-O Qa5 18. Qc2 b4 19. Bd2 Be7 20. Rc1 O-O 21. Qd3
Qxa2 22. cxb4 Rxc1+ 23. Bxc1 Rc8 24. Rb1 Bxb4 25. Bb2 Rc4 26. Nd2 Bxd2 27. Ba3
Rc3 28. Qf1 Rxa3 29. g3 h6 30. Rd1 Ra4 31. Qd3 Bg5 32. f4 Be7 33. Rd2 Qa3 34.
Qxa3 Rxa3 35. Kf2 Bb4 36. Rc2 Rc3 37. Ra2 0-1

[Event "Detroit (MI Action/4)"]
[Site "?"]
[Date "1992.??.??"]
[Round "?"]
[White "DeVoll, J."]
[Black "Keck, T."]
[Result "1-0"]
[WhiteElo "1605"]
[BlackElo "1605"]
[PlyCount "61"]
[EventDate "1992.??.??"]

1. d4 d6 2. e3 e6 3. Nf3 Nf6 4. Nbd2 Nc6 5. c3 Bd7 6. Bd3 Be7 7. Qc2 O-O 8. Ng5
g6 9. Ndf3 Nd5 10. e4 Nf4 11. Bxf4 e5 12. dxe5 dxe5 13. Be3 Bg4 14. O-O-O Bxf3
15. Nxf3 Qd7 16. Ba6 Qc8 17. Bh6 Rd8 18. Bb5 Rd6 19. Bxc6 Rxc6 20. Nxe5 Rd6 21.
Qb3 Rf6 22. g4 Rxf2 23. Rhf1 Qf8 24. Bxf8 Bxf8 25. Rxf2 Kg7 26. Qxf7+ Kh6 27.
g5+ Kxg5 28. Rg1+ Kh6 29. Rxg6+ Kh5 30. Rg4+ Kh6 31. Rf6# 1-0

[Event "Detroit (MI Action/2)"]
[Site "?"]
[Date "1992.??.??"]
[Round "?"]
[White "DeVoll, J."]
[Black "Haakonstad, Olaf"]
[Result "0-1"]
[WhiteElo "1605"]
[BlackElo "1850"]
[PlyCount "58"]
[EventDate "1992.??.??"]

1. d4 Nf6 2. c4 e6 3. Nc3 Bb4 4. e3 c5 5. Nf3 Ne4 6. Qc2 Qa5 7. Bd2 cxd4 8.
exd4 Nxd2 9. Nxd2 Nc6 10. Nf3 d5 11. c5 b6 12. Bd3 bxc5 13. dxc5 d4 14. a3 dxc3
15. axb4 Qxa1+ 16. Qd1 Qxd1+ 17. Kxd1 cxb2 18. Kc2 Nxb4+ 19. Kc3 Nxd3 20. Nd2
Ba6 21. Nc4 Nxc5 22. Nxb2 Ke7 23. Rd1 Rhc8 24. Kd4 Nb3+ 25. Ke4 Rc2 26. Nd3 Rd8
27. Nb4 Rc4+ 28. Rd4 Rdxd4+ 29. Ke3 Rxb4 0-1

[Event "Detroit (Pan Am/6)"]
[Site "?"]
[Date "1992.??.??"]
[Round "?"]
[White "DeJongh, John"]
[Black "Rosebrook, G."]
[Result "1/2-1/2"]
[WhiteElo "1620"]
[BlackElo "1605"]
[PlyCount "103"]
[EventDate "1992.??.??"]

1. d4 Nf6 2. Nf3 e6 3. c4 b6 4. a3 Bb7 5. e3 d6 6. Bd3 Nbd7 7. Qc2 Bxf3 8. gxf3
c6 9. Nc3 g6 10. e4 e5 11. d5 c5 12. Be3 Be7 13. O-O-O a6 14. Be2 Qb8 15. f4 h6
16. fxe5 Nxe5 17. h3 Ng8 18. f4 Nd7 19. Kb1 Bf6 20. Rhe1 Ne7 21. Bf2 O-O 22.
Rg1 Qc8 23. f5 Ne5 24. fxg6 fxg6 25. Bg4 Nxg4 26. hxg4 Bxc3 27. Qxc3 Rxf2 28.
e5 Qb8 29. e6 b5 30. Qe3 Qf8 31. Rh1 Qf6 32. Rd2 Rf1+ 33. Rxf1 Qxf1+ 34. Kc2
Qxc4+ 35. Kb1 Qf1+ 36. Ka2 Qh1 37. Qf4 Rd8 38. Qf7+ Kh8 39. Qxe7 Rg8 40. Qf6+
Kh7 41. e7 Qe4 42. Qxd6 Rg7 43. Qxc5 Rxe7 44. d6 Qe6+ 45. b3 Rd7 46. Qc6 Qxg4
47. Qxa6 Qg5 48. Qa5 Qf4 49. Qc3 h5 50. Qd3 h4 51. Rd1 Qg4 52. Re1 1/2-1/2

[Event "Detroit (Pan Am/2)"]
[Site "?"]
[Date "1992.??.??"]
[Round "?"]
[White "DeJongh, John"]
[Black "Mackert, C."]
[Result "1/2-1/2"]
[WhiteElo "1620"]
[BlackElo "1605"]
[PlyCount "49"]
[EventDate "1992.??.??"]

1. c4 c5 2. g3 Nc6 3. Bg2 g6 4. Nf3 Bg7 5. e3 Nf6 6. d4 cxd4 7. exd4 e6 8. Bg5
Qa5+ 9. Qd2 Qxd2+ 10. Nbxd2 O-O 11. O-O b6 12. Bxf6 Bxf6 13. Ne5 Bxe5 14. dxe5
Rb8 15. f4 f6 16. exf6 Rxf6 17. Ne4 Rf8 18. Nd6 Ne7 19. Nxc8 Rbxc8 20. Rfd1 Rc7
21. b3 Nf5 22. Rd3 Rd8 23. Re1 Kf8 24. Be4 Ng7 25. Kf2 1/2-1/2

[Event "Detroit (Pan Am/3)"]
[Site "?"]
[Date "1992.??.??"]
[Round "?"]
[White "DeJongh, John"]
[Black "Cannon, Gregory"]
[Result "1-0"]
[WhiteElo "1620"]
[BlackElo "1605"]
[PlyCount "99"]
[EventDate "1992.??.??"]

1. d4 Nf6 2. Nf3 g6 3. c4 d5 4. Nc3 Bg7 5. e3 O-O 6. Be2 c5 7. O-O Nc6 8. dxc5
e6 9. a3 a5 10. Rb1 Nd7 11. cxd5 Bxc3 12. bxc3 exd5 13. Qxd5 Qe7 14. a4 Rd8 15.
Ba3 Nf6 16. Qb3 Rb8 17. Nd4 Be6 18. Qc2 Nxd4 19. cxd4 Bf5 20. Bd3 Bd7 21. Rfe1
Bc6 22. f3 Re8 23. e4 Qd7 24. Qc4 Bxa4 25. d5 b5 26. Qd4 Qa7 27. Qxf6 b4 28.
Bb2 Qxc5+ 29. Bd4 Qxd4+ 30. Qxd4 h5 31. e5 Kf8 32. e6 Rb7 33. exf7 Rxe1+ 34.
Rxe1 Kxf7 35. Qf4+ Kg7 36. Qg5 Rb6 37. Re7+ Kf8 38. Rh7 Be8 39. Rh8+ Kf7 40.
Qd8 Rb7 41. Qxe8+ Kf6 42. Qxg6+ Ke5 43. Rxh5+ Kd4 44. Rh4+ Kc3 45. Rc4+ Kb3 46.
Qe4 a4 47. Bc2+ Ka3 48. Qe3+ b3 49. Qc3 Ka2 50. Rxa4# 1-0

[Event "Detroit (Pan Am/1)"]
[Site "?"]
[Date "1992.??.??"]
[Round "?"]
[White "DeJongh, John"]
[Black "Basin, Leonid"]
[Result "0-1"]
[WhiteElo "1620"]
[BlackElo "2485"]
[PlyCount "36"]
[EventDate "1992.??.??"]

1. d4 Nf6 2. c4 e6 3. Nc3 Bb4 4. Qc2 O-O 5. Nf3 b6 6. e3 c5 7. Be2 Bb7 8. O-O
Bxc3 9. Qxc3 Ne4 10. Qc2 d6 11. Bd3 f5 12. Nd2 Qh4 13. Nxe4 fxe4 14. Be2 Nd7
15. b3 Rf6 16. f4 exf3 17. Bxf3 Bxf3 18. Rxf3 Qe1+ 0-1

[Event "Detroit (Pan Am/4)"]
[Site "?"]
[Date "1992.??.??"]
[Round "?"]
[White "Davy, Erez"]
[Black "Robbins, Fred"]
[Result "0-1"]
[WhiteElo "1740"]
[BlackElo "1945"]
[PlyCount "162"]
[EventDate "1992.??.??"]

1. c4 c5 2. Nf3 Nf6 3. Nc3 g6 4. g3 b6 5. Bg2 Bb7 6. O-O Bg7 7. d3 O-O 8. Rb1
Nc6 9. a3 a5 10. Bf4 Nh5 11. Bg5 h6 12. Bd2 Nf6 13. Nb5 Ne8 14. Qc1 Kh7 15. Bc3
Rb8 16. Bxg7 Nxg7 17. Rd1 Ne6 18. d4 cxd4 19. Nbxd4 Nexd4 20. Nxd4 Nxd4 21.
Rxd4 Kg7 22. Qd2 d6 23. Bxb7 Rxb7 24. Rh4 h5 25. Rd4 Rc7 26. Rd1 Qc8 27. Qc3
Kg8 28. Qb3 Qa6 29. g4 Rc5 30. gxh5 Rxh5 31. Qg3 Kg7 32. Rh4 Rfh8 33. Qc3+ f6
34. Rxh5 Rxh5 35. Rd3 Qc8 36. Kg2 Qg4+ 37. Rg3 Qxe2 38. Qe3 Re5 39. Qxe2 Rxe2
40. Rb3 Rc2 41. Rxb6 Rxc4 42. Rb5 Rc2 43. Rxa5 Rxb2 44. Ra8 Kf7 45. a4 Ra2 46.
Kg3 Ke6 47. Ra5 Ra3+ 48. f3 d5 49. Kf2 g5 50. h3 Ke5 51. Ra8 Kf4 52. a5 Rxf3+
53. Ke2 Rxh3 54. a6 Ra3 55. Rd8 Rxa6 56. Rxd5 Ke4 57. Rd1 Ra2+ 58. Kf1 e5 59.
Re1+ Kf3 60. Kg1 Rg2+ 61. Kh1 Ra2 62. Rf1+ Kg3 63. Rg1+ Kh4 64. Rf1 Ra6 65. Kg2
Kg4 66. Kh1 e4 67. Re1 Kf4 68. Kg1 Ra3 69. Rf1+ Rf3 70. Re1 f5 71. Kg2 Ra3 72.
Rf1+ Kg4 73. Re1 e3 74. Kf1 f4 75. Kg2 f3+ 76. Kf1 Kh3 77. Rc1 g4 78. Re1 g3
79. Re2 Ra1+ 80. Re1 g2+ 81. Kg1 Rxe1# 0-1

[Event "Detroit (Pan Am/2)"]
[Site "?"]
[Date "1992.??.??"]
[Round "?"]
[White "Davy, Erez"]
[Black "Levadi, David"]
[Result "1/2-1/2"]
[WhiteElo "1740"]
[BlackElo "1995"]
[PlyCount "67"]
[EventDate "1992.??.??"]

1. c4 Nf6 2. Nf3 d5 3. d4 c5 4. dxc5 e6 5. cxd5 Nxd5 6. e4 Nf6 7. Qxd8+ Kxd8 8.
Nc3 Bxc5 9. Bg5 h6 10. O-O-O+ Ke7 11. Bh4 g5 12. Bg3 Nh5 13. Be5 f6 14. Bd4
Bxd4 15. Nxd4 a6 16. Be2 Ng7 17. Bf3 Bd7 18. Rd2 Nc6 19. Rhd1 Rhd8 20. Nb3 Ne5
21. Nc5 Bc6 22. Rxd8 Rxd8 23. Rxd8 Kxd8 24. Kc2 Nxf3 25. gxf3 Ke7 26. Kd3 Kd6
27. b4 e5 28. Kc4 Ne6 29. Nxe6 b5+ 30. Kd3 Kxe6 31. Ke3 Kd6 32. Kd3 Ke6 33. Ke3
Kd6 34. Kd3 1/2-1/2

[Event "Detroit (MOR/5/78)"]
[Site "?"]
[Date "1992.??.??"]
[Round "?"]
[White "Davis, Ralph"]
[Black "Rostrom, Richard"]
[Result "1-0"]
[WhiteElo "1605"]
[BlackElo "1650"]
[PlyCount "163"]
[EventDate "1992.??.??"]

{5/(78)} 1. d4 Nf6 2. c4 c5 3. Nf3 g6 4. Nc3 cxd4 5. Nxd4 Nc6 6. Nxc6 bxc6 7.
Bf4 Bg7 8. g3 O-O 9. Bg2 Re8 10. Qd2 Ng4 11. h3 Nf6 12. Rb1 e6 13. O-O d5 14.
Rbd1 Bb7 15. Rfe1 Qa5 16. b3 Rad8 17. Na4 Qxd2 18. Rxd2 e5 19. Bg5 h6 20. Bxf6
Bxf6 21. cxd5 cxd5 22. Red1 e4 23. e3 Be7 24. Rc2 Rc8 25. Rb2 Rc7 26. f3 f5 27.
fxe4 fxe4 28. h4 Rec8 29. Bh3 Rc1 30. Rb1 Rxb1 31. Rxb1 Rc2 32. Rd1 Re2 33.
Be6+ Kg7 34. Bxd5 Bxd5 35. Rxd5 Rxe3 36. Rd7 Kf6 37. Kf2 Rf3+ 38. Kg2 a5 39.
Rd5 Bb4 40. Nc5 Re3 41. Kf2 Rf3+ 42. Ke2 Bxc5 43. Rxc5 Rxg3 44. Rxa5 Rh3 45. b4
Ke7 46. Re5+ Kd6 47. Rxe4 Rh2+ 48. Kd3 Rxa2 49. Kc4 Kc7 50. Re7+ Kb8 51. Rh7 g5
52. Rxh6 gxh4 53. Rxh4 Kb7 54. Rh6 Rc2+ 55. Kb3 Rc1 56. Ka4 Ra1+ 57. Kb5 Rb1
58. Rh4 Rd1 59. Rh7+ Kb8 60. Kb6 Rd6+ 61. Ka5 Rc6 62. b5 Rc7 63. Rh6 Ra7+ 64.
Kb4 Ra1 65. Rh7 Rb1+ 66. Kc5 Rc1+ 67. Kb6 Rc8 68. Ka6 Rc2 69. Rh8+ Kc7 70. b6+
Kd7 71. Rh7+ Kd6 72. Kb7 Rb2 73. Rc7 Kd5 74. Rc6 Rg2 75. Rc7 Rb2 76. Ka7 Ra2+
77. Kb8 Rg2 78. b7 Kd6 79. Rc1 Re2 80. Ra1 Re8+ 81. Ka7 Re7 82. Rc1 1-0

[Event "Detroit (MOR/3/71)"]
[Site "?"]
[Date "1992.??.??"]
[Round "?"]
[White "Davis, Ralph"]
[Black "Ridella, Dennis"]
[Result "0-1"]
[WhiteElo "1605"]
[BlackElo "1755"]
[PlyCount "100"]
[EventDate "1992.??.??"]

{3/(71)} 1. d4 Nf6 2. c4 e6 3. Nc3 b6 4. Bf4 Bb7 5. Nf3 h6 6. g3 Be7 7. Bg2 Nc6
8. O-O O-O 9. Ne5 Na5 10. Bxb7 Nxb7 11. a3 Nd6 12. b3 Nh5 13. Nd3 Nf5 14. d5
Nxf4 15. Nxf4 Bf6 16. Rc1 Qe7 17. b4 a5 18. Nh5 Bxc3 19. Rxc3 axb4 20. axb4
Qxb4 21. Qd2 Ra3 22. Rc2 Qxd2 23. Rxd2 Rc3 24. e4 Nd6 25. dxe6 dxe6 26. Rd4
Nxc4 27. Rfd1 Ne5 28. Ra4 Rc4 29. Rxc4 Nxc4 30. Nf4 Rb8 31. Ne2 Kf8 32. Nc3 Ke7
33. Nb5 c6 34. Na7 Na5 35. Ra1 Rb7 36. Nc8+ Kd7 37. Nxb6+ Rxb6 38. Rxa5 Rb7 39.
e5 Rc7 40. Rc5 Rb7 41. Rc1 Kc7 42. f4 Rb5 43. Rc2 c5 44. Kf2 Kb6 45. Ke2 Rb4
46. Kd3 Kb5 47. Kc3 Rc4+ 48. Kb3 Rxc2 49. Kxc2 Kc4 50. h4 h5 0-1

[Event "Detroit (MOR/1b/39)"]
[Site "?"]
[Date "1992.??.??"]
[Round "?"]
[White "Davis, Ralph"]
[Black "Fleming, William"]
[Result "0-1"]
[WhiteElo "1605"]
[BlackElo "1705"]
[PlyCount "50"]
[EventDate "1992.??.??"]

1. d4 Nf6 2. c4 g6 3. Nc3 Bg7 4. e4 d6 5. f3 O-O 6. Bd3 Nc6 7. Nge2 e5 8. d5
Nd4 9. Be3 Nh5 10. O-O a6 11. Bc2 Nxc2 12. Qxc2 f5 13. exf5 gxf5 14. f4 Qe7 15.
Qd2 e4 16. Qe1 Kh8 17. Bd4 Rg8 18. Rd1 Bd7 19. Qd2 c5 20. Bxg7+ Rxg7 21. b3
Rag8 22. g3 Nxg3 23. Nxg3 Rxg3+ 24. hxg3 Rxg3+ 25. Kh2 Qh4# 0-1

[Event "Detroit (MOR/7/66)"]
[Site "?"]
[Date "1992.??.??"]
[Round "?"]
[White "Davis, Ralph"]
[Black "Cook, P."]
[Result "0-1"]
[WhiteElo "1605"]
[BlackElo "1650"]
[PlyCount "66"]
[EventDate "1992.??.??"]

{7/(66)} 1. d4 d5 2. c4 c6 3. Nc3 a6 4. cxd5 cxd5 5. Nf3 Nc6 6. e4 dxe4 7. Nxe4
Bf5 8. Ng3 Bg4 9. d5 Bxf3 10. Qxf3 Nd4 11. Qe4 Nb5 12. Bxb5+ axb5 13. O-O Nf6
14. Qd3 Qxd5 15. Qxd5 Nxd5 16. Be3 e6 17. Rac1 Be7 18. Bc5 Rxa2 19. Bxe7 Kxe7
20. Rc2 Rha8 21. h3 R8a4 22. Re1 Ra1 23. Rxa1 Rxa1+ 24. Kh2 b4 25. b3 Rb1 26.
Ne4 Rxb3 27. Nc5 Rc3 28. Rxc3 bxc3 29. Nb3 c2 30. Kg3 Nb4 31. Kf3 Na2 32. Ke3
c1=Q+ 33. Nxc1 Nxc1 0-1

[Event "Detroit (MOR/3/86)"]
[Site "?"]
[Date "1992.??.??"]
[Round "?"]
[White "Davis, Michael"]
[Black "Vaughn, Gerald"]
[Result "1/2-1/2"]
[WhiteElo "1605"]
[BlackElo "1605"]
[PlyCount "122"]
[EventDate "1992.??.??"]

{3/(86)} 1. e4 c5 2. Nc3 Nc6 3. f4 e6 4. Nf3 Nd4 5. Bc4 Ne7 6. d3 a6 7. a4 d5
8. Ba2 b5 9. O-O Bb7 10. e5 Nef5 11. axb5 axb5 12. Nxd4 Nxd4 13. Ne2 Nf5 14.
Qe1 d4 15. Ng3 Nh4 16. Ne4 c4 17. Bd2 Rc8 18. Ba5 Qe7 19. Nd6+ Kd7 20. Nxc8
Kxc8 21. Qg3 Nxg2 22. Qg5 f6 23. exf6 gxf6 24. Qxb5 Rg8 25. Kf2 Nxf4 26. Qxc4+
Kb8 27. Qa4 f5 28. Ke1 Qh4+ 29. Kd1 Bh6 30. Qd7 Qg4+ 31. Kc1 Nxd3+ 32. Kb1 Qf4
33. Bc7+ Qxc7 34. Qxc7+ Kxc7 35. cxd3 Rg2 36. Bxe6 f4 37. Bf5 f3 38. Be4 Bxe4
39. dxe4 f2 40. Kc2 Be3 41. Kd3 Rg1 42. Kc4 h5 43. b4 Kb6 44. b5 Rg5 45. Rfb1
Rg4 46. Kd3 Rg5 47. Ke2 Re5 48. Kd3 Rc5 49. h3 Rc3+ 50. Ke2 Rc2+ 51. Kf3 Rc3
52. h4 Rc7 53. Ke2 Rc2+ 54. Kd3 Rc3+ 55. Ke2 Rc2+ 56. Kf3 Rc7 57. Rh1 Rg7 58.
Ke2 Rg1 59. Kd3 Rg7 60. Kc4 Rc7+ 61. Kd3 Rc3+ 1/2-1/2

[Event "Detroit (MOR/7/71)"]
[Site "?"]
[Date "1992.??.??"]
[Round "?"]
[White "Davis, Michael"]
[Black "Smeltzer, P."]
[Result "1-0"]
[WhiteElo "1605"]
[BlackElo "1605"]
[PlyCount "35"]
[EventDate "1992.??.??"]

{7/(71)} 1. e4 c5 2. Nc3 e6 3. f4 Nc6 4. Nf3 g6 5. Bc4 a6 6. a4 h5 7. d3 Nd4 8.
O-O h4 9. h3 b6 10. Ne2 Bg7 11. Nexd4 cxd4 12. f5 d5 13. exd5 exd5 14. Bb3 Ne7
15. fxg6 Nxg6 16. Ng5 O-O 17. Qh5 Re8 18. Qh7+ 1-0